| 000 | 00937nam a22002297a 4500 | ||
|---|---|---|---|
| 999 |
_c11488 _d11488 |
||
| 003 | AR-CdUCM | ||
| 008 | 190404b ||||| |||| 00| 0 spa d | ||
| 040 |
_aMUNICIPALIDAD PROVINCIAL DEL CUSCO _cBIBLIOTECA MUNICIPAL DEL CUSCO |
||
| 082 |
_a985.05 / _bF386 / 1958 |
||
| 100 |
_aFerrero Rebagliati, Raúl _928883 |
||
| 245 |
_aEl liberalismo peruano : _bContribución a una historia de las ideas, ensayo, textos y notas / |
||
| 260 |
_aLima : _bTipografía Peruana, _c1958. |
||
| 300 |
_a204 páginas ; _c25 cm. |
||
| 500 | _aEdición auspiciada por W.R. Grace & Co., en homenaje al II Congreso Nacional de Historia. Libro en mal estado, apolillado. | ||
| 505 | _aContenido: El pensamiento liberal -- El liberalismo peruano -- Vigencia parcial del liberalismo ... | ||
| 650 |
_aPerú _935 |
||
| 650 |
_aLiberalismo _91985 |
||
| 650 |
_aHistoria _9136 |
||
| 650 |
_aAspectos políticos _98399 |
||
| 942 |
_2ddc _cLIBROS |
||
| 945 | _acmm | ||